| 000 | 00417nam a22001697a 4500 | ||
|---|---|---|---|
| 003 | NUST - PNEC | ||
| 005 | 20170116180850.0 | ||
| 008 | 150825b xxu||||| |||| 00| 0 eng d | ||
| 020 | _a0091726077 | ||
| 040 | _cLIBRARY | ||
| 082 | _a603.21 HUT | ||
| 100 |
_95638 _aHutchinson |
||
| 245 |
_aencyclopedia of modern technology _cHutchinson |
||
| 260 | _cc 1987 | ||
| 650 |
_95640 _aTechnology _x- |
||
| 942 |
_2ddc _cBK |
||
| 999 |
_c64574 _d64574 |
||